Nutzung von Solarenergie; Интеллектуальные энергосистемы; Т. 3

Détails bibliographiques
Parent link:Интеллектуальные энергосистемы: труды V Международного молодёжного форума, 9-13 октября 2017 г., г. Томск/ Национальный исследовательский Томский политехнический университет (ТПУ), Энергетический институт (ЭНИН).— , 2017
Т. 3.— 2017.— [С. 159-160]
Auteur principal: Schtscherbina B. J.
Collectivité auteur: National Research Tomsk Polytechnic University (TPU)
Autres auteurs: Kobenko Ju. W. Juri Wiktorowitsch (научный руководитель)
Résumé:Заглавие с титульного экрана
Langue:allemand
Publié: 2017
Collection:Научно-технический дискурс "Интеллектуальные энергосистемы"
Sujets:
Accès en ligne:http://earchive.tpu.ru/handle/11683/45954
Format: Électronique Chapitre de livre
KOHA link:https://koha.lib.tpu.ru/cgi-bin/koha/opac-detail.pl?biblionumber=625764

MARC

LEADER 00000naa2a2200000 4500
001 625764
005 20240219164346.0
035 |a (RuTPU)RU\TPU\conf\25024 
035 |a RU\TPU\conf\25023 
090 |a 625764 
100 |a 20171220d2017 k y0rusy50 ba 
101 0 |a ger 
102 |a RU 
105 |a y z 101zy 
135 |a drgn ---uucaa 
181 0 |a i  
182 0 |a b 
200 1 |a Nutzung von Solarenergie  |f B. J. Schtscherbina, Ju. W. Kobenko  |g wiss. Betr. Ju. W. Kobenko 
203 |a Текст  |c электронный 
225 1 |a Научно-технический дискурс "Интеллектуальные энергосистемы" 
300 |a Заглавие с титульного экрана 
461 1 |0 (RuTPU)RU\TPU\conf\24578  |t Интеллектуальные энергосистемы  |o труды V Международного молодёжного форума, 9-13 октября 2017 г., г. Томск  |o в 3 т.  |f Национальный исследовательский Томский политехнический университет (ТПУ), Энергетический институт (ЭНИН)  |d 2017 
463 1 |0 (RuTPU)RU\TPU\conf\24584  |t Т. 3  |v [С. 159-160]  |d 2017 
610 1 |a электронный ресурс 
610 1 |a труды учёных ТПУ 
610 1 |a солнечная энергия 
610 1 |a альтернативные источники энергии 
610 1 |a электростанции 
610 1 |a электроэнергия 
700 1 |a Schtscherbina  |b B. J. 
701 1 |a Kobenko  |b Ju. W.  |c Linguist  |c Professor der Polytechnischen Universität Tomsk, Doktor der philologischen Wissenschaften  |f 1977-  |g Juri Wiktorowitsch  |3 (RuTPU)RU\TPU\pers\32905  |9 16753 
702 1 |a Kobenko  |b Ju. W.  |c Linguist  |c Professor der Polytechnischen Universität Tomsk, Doktor der philologischen Wissenschaften  |f 1977-  |g Juri Wiktorowitsch  |4 727 
712 0 2 |a National Research Tomsk Polytechnic University (TPU)  |3 (RuTPU)RU\TPU\col\18773 
801 2 |a RU  |b 63413507  |c 20180119  |g RCR 
856 4 |u http://earchive.tpu.ru/handle/11683/45954 
942 |c BK